Sports Quiz

Random Sports or Soccer Quiz

English Football League Nicknames Quiz Stats

 Plays Quiz Updated Aug 12, 2019

Score 0/72 Timer 10:00
1 Play Today
Nickname % Correct
Tractor Boys
86.6%
Reds
84%
Blues
82.5%
The Terriers
80.6%
The Baggies
80.5%
Rams
78.7%
United or Whites
75%
The Potters
74.9%
Tykes
74.4%
Dons
72.8%
Rovers
72.5%
The Lions
70.5%
The Dons
70.1%
Owls
69.8%
The Shrimpers
69.6%
The Rovers
69.5%
Reds
69.1%
Reds
67.5%
The Boro
67.4%
Riversiders
66.3%
Bluebirds
62.3%
The Seasiders
61.5%
The Trotters
60.8%
The Lilywhites
60.6%
Salop
59.6%
The Black Cats
57.8%
The Hoops
57.3%
Cottagers
56.8%
United
55.5%
Bees
55.2%
Pompey
54.9%
The Posh
54.6%
Royals
53.9%
The O's
50.1%
The Mariners
50%
The Swans
49.7%
Nickname % Correct
The Silkmen
49.2%
Gills
48.9%
The Iron
47.7%
Robins
46.8%
Sky Blues
46.4%
Latics
43.7%
Saddlers
43.6%
Brewers
42.9%
Stags
41.9%
The Shakers
41.3%
Robins
41.2%
The Robins
40.5%
Hatters
40.4%
Railwaymen
39.1%
The Addicks
39%
Cobblers
38.1%
The Tigers
37.8%
Dale
37.4%
Bantams
35%
Boro
34.6%
The U's
32.8%
The Pirates
31.3%
Super Whites
29.5%
Millers
28.9%
Us
28.8%
The Imps
28.5%
Latics
25.2%
The Shrimps
24.7%
Pilgrims
24.4%
Grecians
22.3%
Chairboys
21.1%
The Ammies
19.1%
Cod Army
17.8%
Valiants
16.2%
Cumbrians
15.8%
Exiles
11.4%

You're not logged in!

Compare scores with friends on all Sporcle quizzes.
OR
Log In

Sporcle TV

Today on Sporcle TV


Watch our educational content, quiz creation guides, and fun videos on Sporcle TV.

Show Comments

Extras

Top Quizzes Today


Score Distribution

Your Account Isn't Verified!

In order to create a playlist on Sporcle, you need to verify the email address you used during registration. Go to your Sporcle Settings to finish the process.

Report this User

Report this user for behavior that violates our Community Guidelines.

Details: